000 01251nam a22002177a 4500
999 _c59193
_d59193
003 Ge_BSU
005 20221213111713.0
008 221213s1978ge xxu||||| |||| 00| 0 geo d
041 _ageo
080 _a821.133.1-94 +94(479.22) ''18" დ- 80
100 _aდრანსე, ანა, ავტ.
_916372
245 _aშამილის ტყვე ქალები :
_b [ფრანგი ავტორის მოგონებანი] /
_cანა დრანსე ; თარგმნა და შენიშვნები დაურთო მ. თავდიშვილმა
264 _aთბილისი :
_bსაბჭ. საქართველო,
_c1978.
300 _a166 გვ. :
_b 4 ფ. ილ. ;
_c17 სმ.
501 _aშენიშვნები: გვ. 152-164.
653 _aსაქართველოს ისტორია, XIX ს.
653 _aლეკიანობა საქართველოში. შამილი.
653 _aსაქართველო-დაღესტნის ურთიერთობის ისტორია.
700 _aთავდიშვილი, მ
_eმთარგმნელი
_916373
942 _2udc
_cBK